Statistics for Countries Closest to Germany - Map Quiz

Click here to take the quiz!

General Stats

  • This quiz has been taken 1,512 times
  • The average score is 16 of 20

Answers on the Map

Answers color-coded by a green-red scale on the quiz's map according to % correct below.
 

Answer Stats

country% Correct
France
96%
Belgium
95%
Poland
95%
Netherlands
94%
Austria
92%
Denmark
92%
Switzerland
92%
Czechia
89%
Italy
89%
Luxembourg
85%
Sweden
84%
United
Kingdom
84%
Liechtenstein
79%
Norway
79%
Slovakia
75%
Hungary
67%
Slovenia
66%
Russia
57%
Croatia
54%
Bosnia and
Herzegovina
39%

Score Distribution

Percentile by Number Answered

Percent of People with Each Score

Your Score History

You have not taken this quiz